<?xml version="1.0" encoding="UTF-8"?><marc:collection xmlns:marc="http://www.loc.gov/MARC21/slim">
  <marc:record>
    <marc:leader>00000nam  2200000zi 4500</marc:leader>
    <marc:controlfield tag="001">9.889437</marc:controlfield>
    <marc:controlfield tag="003">CaOODSP</marc:controlfield>
    <marc:controlfield tag="005">20241118074542</marc:controlfield>
    <marc:controlfield tag="006">m     o  d f      </marc:controlfield>
    <marc:controlfield tag="007">cr |n|||||||||</marc:controlfield>
    <marc:controlfield tag="008">200716t19921992qucabo  ob   f000 0ceng d</marc:controlfield>
    <marc:datafield tag="020" ind1=" " ind2=" ">
      <marc:subfield code="z">2894150911</marc:subfield>
      <marc:subfield code="z">0660146673</marc:subfield>
    </marc:datafield>
    <marc:datafield tag="040" ind1=" " ind2=" ">
      <marc:subfield code="a">CaOODSP</marc:subfield>
      <marc:subfield code="b">eng</marc:subfield>
      <marc:subfield code="e">rda</marc:subfield>
      <marc:subfield code="c">CaOODSP</marc:subfield>
    </marc:datafield>
    <marc:datafield tag="043" ind1=" " ind2=" ">
      <marc:subfield code="a">n-cn---</marc:subfield>
    </marc:datafield>
    <marc:datafield tag="086" ind1="1" ind2=" ">
      <marc:subfield code="a">P60-4/5-1992E-PDF</marc:subfield>
      <marc:subfield code="z">P60-4/5-1992E</marc:subfield>
    </marc:datafield>
    <marc:datafield tag="245" ind1="0" ind2="0">
      <marc:subfield code="a">Canada 125 : </marc:subfield>
      <marc:subfield code="b">its constitutions, 1763-1982 : evolution of a democracy / </marc:subfield>
      <marc:subfield code="c">directed by : J. Fernand Tanguay ; introduction by Senator Gérald A. Beaudoin, O.C., Q.C.</marc:subfield>
    </marc:datafield>
    <marc:datafield tag="246" ind1="1" ind2="3">
      <marc:subfield code="a">Canada 125 : </marc:subfield>
      <marc:subfield code="b">constitutions, 1763-1982</marc:subfield>
    </marc:datafield>
    <marc:datafield tag="246" ind1="1" ind2="4">
      <marc:subfield code="a">Canada 125 : </marc:subfield>
      <marc:subfield code="b">constitutions</marc:subfield>
    </marc:datafield>
    <marc:datafield tag="264" ind1=" " ind2="1">
      <marc:subfield code="a">Montreal (Quebec) : </marc:subfield>
      <marc:subfield code="b">Éditions du Méridien ; </marc:subfield>
      <marc:subfield code="a">[Ottawa] : </marc:subfield>
      <marc:subfield code="b">Canada Communication Group, </marc:subfield>
      <marc:subfield code="c">1992.</marc:subfield>
    </marc:datafield>
    <marc:datafield tag="264" ind1=" " ind2="4">
      <marc:subfield code="c">©1992</marc:subfield>
    </marc:datafield>
    <marc:datafield tag="300" ind1=" " ind2=" ">
      <marc:subfield code="a">1 online resource (224 pages, 30 unnumbered pages) : </marc:subfield>
      <marc:subfield code="b">illustrations (some colour), colour maps, photographs (some colour)</marc:subfield>
    </marc:datafield>
    <marc:datafield tag="336" ind1=" " ind2=" ">
      <marc:subfield code="a">text</marc:subfield>
      <marc:subfield code="b">txt</marc:subfield>
      <marc:subfield code="2">rdacontent</marc:subfield>
    </marc:datafield>
    <marc:datafield tag="337" ind1=" " ind2=" ">
      <marc:subfield code="a">computer</marc:subfield>
      <marc:subfield code="b">c</marc:subfield>
      <marc:subfield code="2">rdamedia</marc:subfield>
    </marc:datafield>
    <marc:datafield tag="338" ind1=" " ind2=" ">
      <marc:subfield code="a">online resource</marc:subfield>
      <marc:subfield code="b">cr</marc:subfield>
      <marc:subfield code="2">rdacarrier</marc:subfield>
    </marc:datafield>
    <marc:datafield tag="500" ind1=" " ind2=" ">
      <marc:subfield code="a">Digitized by Publishing and Depository Services Program.</marc:subfield>
    </marc:datafield>
    <marc:datafield tag="500" ind1=" " ind2=" ">
      <marc:subfield code="a">"To all parliamentarians who dedicated their life to the evolution of democracy in Canada."</marc:subfield>
    </marc:datafield>
    <marc:datafield tag="500" ind1=" " ind2=" ">
      <marc:subfield code="a">Issued also in French under title: Canada 125 : ses constitutions, 1763-1982 : évolution d'une démocratie.</marc:subfield>
    </marc:datafield>
    <marc:datafield tag="504" ind1=" " ind2=" ">
      <marc:subfield code="a">Includes bibliographical references.</marc:subfield>
    </marc:datafield>
    <marc:datafield tag="505" ind1="0" ind2=" ">
      <marc:subfield code="a">Presentation / J. Fernand Tanguay, Chairman, Éditions du Méridien -- Chronology of our Institutions -- Her Majesty Queen Elizabeth II -- His Excellency the Governor General of Canada -- The Right Hon. Brian Mulroney, Prime Minister of Canada -- Illustrations of Canadian History -- Introduction / the Hon. Gérald A. Beaudoin, Senator -- Constitutional Documents: The Royal Proclamation (1763) -- The Quebec Act, 1774 -- The Constitutional Act, 1791 -- The Union Act, 1840 -- The Constitution Act, 1867 -- Rupert's Land Act, 1868 -- Manitoba Act, 1870 -- Rupert's Land and North-Western Territory Order -- British Columbia Terms of Union -- Prince Edward Island Terms of Union -- The Yukon Territory Act, 1898 -- Alberta Act (1905) -- Saskatchewan Act (1905) -- Statute of Westminster, 1931 -- Newfoundland Act (1949) -- Canada Act 1982, including the Constitution Act, 1982 -- Canada Act.</marc:subfield>
    </marc:datafield>
    <marc:datafield tag="520" ind1=" " ind2=" ">
      <marc:subfield code="a">"It is hard to imagine a country like ours which is so thoroughly studied on all continents is still being discovered by its own citizens. The various constitutions which have governed this country over time are but one aspect a lot of Canadians need to discover. It is in this vein that les Éditions du Méridien in cooperation with the Canada Communication Group-Publishing is presenting this album, containing all the major texts of our current constitution and the previous ones to assist us in appreciating the rapid evolution towards democracy (1791) and towards full sovereignty (1931). This album does not pretend to replace text books in constitutional law which contain additional technical material, but rather intends to offer Canadians on this important occasion an overview of the legislative acts which brought Canada together, the Canada we know today - our Canada"--Our Canada, pages 11-12.</marc:subfield>
    </marc:datafield>
    <marc:datafield tag="530" ind1=" " ind2=" ">
      <marc:subfield code="a">Issued also in printed form.</marc:subfield>
    </marc:datafield>
    <marc:datafield tag="650" ind1=" " ind2="0">
      <marc:subfield code="a">Constitutions</marc:subfield>
      <marc:subfield code="z">Canada</marc:subfield>
      <marc:subfield code="v">Sources.</marc:subfield>
    </marc:datafield>
    <marc:datafield tag="650" ind1=" " ind2="0">
      <marc:subfield code="a">Constitutional history</marc:subfield>
      <marc:subfield code="z">Canada.</marc:subfield>
    </marc:datafield>
    <marc:datafield tag="700" ind1="1" ind2=" ">
      <marc:subfield code="a">Tanguay, J. Fernand, </marc:subfield>
      <marc:subfield code="e">editor.</marc:subfield>
    </marc:datafield>
    <marc:datafield tag="710" ind1="2" ind2=" ">
      <marc:subfield code="a">Canada Communication Group. </marc:subfield>
      <marc:subfield code="b">Publishing, </marc:subfield>
      <marc:subfield code="e">issuing body</marc:subfield>
    </marc:datafield>
    <marc:datafield tag="775" ind1="0" ind2="8">
      <marc:subfield code="t">Canada 125 : </marc:subfield>
      <marc:subfield code="w">(CaOODSP)9.889469</marc:subfield>
    </marc:datafield>
    <marc:datafield tag="776" ind1="0" ind2="#">
      <marc:subfield code="t">Canada 125: its constitutions, 1763-1982 : </marc:subfield>
      <marc:subfield code="w">(CaOODSP)9.644568</marc:subfield>
    </marc:datafield>
    <marc:datafield tag="856" ind1="4" ind2="0">
      <marc:subfield code="q">PDF</marc:subfield>
      <marc:subfield code="s">22.99 MB</marc:subfield>
      <marc:subfield code="u">https://publications.gc.ca/collections/collection_2020/spac-pspc/P60-4-5-1992-eng.pdf</marc:subfield>
    </marc:datafield>
  </marc:record>
</marc:collection>
